Gabler kleines Lexikon Wirtschaft 2200 Wirtschaftsbegriffe
Saved in:
| Format: | Book |
|---|---|
| Language: | German |
| Published: |
Wiesbaden
Gabler
1989
|
| Edition: | 4. überarb. Aufl. |
| Tags: |
No Tags, Be the first to tag this record!
|
MARC
| LEADER | 00000nam a2200000 4500 | ||
|---|---|---|---|
| 001 | c024702 | ||
| 005 | 20221215124425.6 | ||
| 041 | 0 | |a ger | |
| 044 | |a DE | ||
| 245 | 1 | 0 | |a Gabler kleines Lexikon Wirtschaft |b 2200 Wirtschaftsbegriffe |
| 250 | |a 4. überarb. Aufl. | ||
| 264 | 1 | |a Wiesbaden |b Gabler |c 1989 | |
| 300 | |a 279 s. | ||